00434nam a22001097a 4500003000400000082001800004100001900022245021200041260004500253300000700298650001900305SGT a617.632bC25G aGodara, Eshika aComparative Evaluation of efficacy of 980 nm Diode laser combined with Periodontal plus ABTM/Metrohex plus gel/curenext oral gel as an adjunct to subgingival instrumentation in the treatment of Periodontitis aGurugram, HaryanabSGT University c2025 a87 aPeriodontology